| 000 | 01240nam a2200253 a 4500 | ||
|---|---|---|---|
| 999 |
_c432309 _d432309 |
||
| 003 | BLK | ||
| 005 | 20241219112730.0 | ||
| 008 | 210913b bu |||||r|||| 00| | bu d | ||
| 040 | _aBLK | ||
| 041 |
_aRUS _cRUS |
||
| 080 |
_aОбщи въпроси на географията. Географията като наука. Географски изследвания на страните, пътешествия _b910 _x(470) _z910(470) |
||
| 100 |
_91299 _aГюнтер, Зигмунд _eпърви автор |
||
| 139 | _aГюнтер, Зигмунд | ||
| 245 |
_aИстория географических открытий и успехи научного землеведения в девятнадцатом веке _cЗ. Гюнтер, пер. Л.Д. Синицкого; под ред. проф. Д.Н. Анучин |
||
| 260 |
_9435310 _aМосква ; Ленинград _bтипо-лит. т-ва И. Н. Кушнерев и К° _c1903 |
||
| 300 |
_a188 с. _c23 см |
||
| 380 | _a91 | ||
| 650 | 7 |
_aГеографски пътешествия и открития _2 _9151890 |
|
| 653 | 7 |
_9200024 _aХІХ в. |
|
| 852 |
_aЦб 9.240.16458 _bО |
||
| 942 |
_cKNG _n0 _s1 |
||
| 944 |
_aCR _c2021-09-20 _k30560 _lГеновева Генчева |
||
| 999 | _d431778 | ||